Statystyki dla Wielki quiz o polskiej piłce klubowej

Kliknij tutaj aby rozwiązać quiz!

Ogólne statystyki

  • Ten quiz został rozwiązany 55 razy
  • Średni wynik to 218 z 264

Statystyki odpowiedzi

SezonMiejsce na podiumObecny status/poziom gryKlub% Poprawnych
1927🥇 - Mistrz PolskiFortuna I LigaWisła Kraków
98%
🥉- III MiejsceFortuna I LigaWisła Kraków
98%
🥉- III MiejsceFortuna I LigaWisła Kraków
98%
2002/03🥇- Mistrz PolskiFortuna I LigaWisła Kraków
98%
🥈- WicemistrzFortuna I LigaWisła Kraków
98%
2000/01🥇- Mistrz PolskiFortuna I LigaWisła Kraków
98%
🥈- WicemistrzPKO BP EkstraklasaWisła Kraków
98%
🥈- WicemistrzFortuna I LigaWisła Kraków
98%
1998/99🥇- Mistrz PolskiFortuna I LigaWisła Kraków
98%
🥉- III MiejsceFortuna I LigaWisła Kraków
98%
2004/05🥇- Mistrz PolskiFortuna I LigaWisła Kraków
98%
🥉- III MiejsceFortuna I LigaWisła Kraków
98%
🥈- WicemistrzFortuna I LigaWisła Kraków
98%
1949🥇- Mistrz PolskiFortuna I LigaWisła Kraków
98%
🥈- WicemistrzFortuna I LigaWisła Kraków
98%
1950🥇- Mistrz PolskiFortuna I LigaWisła Kraków
98%
1977/78🥇- Mistrz PolskiFortuna I LigaWisła Kraków
98%
🥉- III MiejsceFortuna I LigaWisła Kraków
98%
2003/04🥇- Mistrz PolskiFortuna I LigaWisła Kraków
98%
🥉- III MiejsceFortuna I LigaWisła Kraków
98%
🥉- III MiejsceFortuna I LigaWisła Kraków
98%
2010/11🥇- Mistrz PolskiFortuna I LigaWisła Kraków
98%
1928🥇 - Mistrz PolskiFortuna I LigaWisła Kraków
98%
🥉- III MiejsceFortuna I LigaWisła Kraków
98%
🥈- WicemistrzFortuna I LigaWisła Kraków
98%
🥈- WicemistrzFortuna I LigaWisła Kraków
98%
🥈- WicemistrzFortuna I LigaWisła Kraków
98%
🥈- WicemistrzFortuna I LigaWisła Kraków
98%
2007/08🥇- Mistrz PolskiFortuna I LigaWisła Kraków
98%
2008/09🥇- Mistrz PolskiFortuna I LigaWisła Kraków
98%
🥈- WicemistrzFortuna I LigaWisła Kraków
98%
1982/83🥇- Mistrz PolskiPKO BP EkstraklasaLech Poznań
95%
2021/22🥇- Mistrz PolskiPKO BP EkstraklasaLech Poznań
95%
🥈- WicemistrzPKO BP EkstraklasaLech Poznań
95%
🥉- III MiejscePKO BP EkstraklasaLech Poznań
95%
🥉- III MiejscePKO BP EkstraklasaLech Poznań
95%
🥉- III MiejscePKO BP EkstraklasaLech Poznań
95%
1983/84🥇- Mistrz PolskiPKO BP EkstraklasaLech Poznań
95%
2014/15🥇- Mistrz PolskiPKO BP EkstraklasaLech Poznań
95%
1989/90🥇- Mistrz PolskiPKO BP EkstraklasaLech Poznań
95%
🥉- III MiejscePKO BP EkstraklasaLech Poznań
95%
1991/92🥇- Mistrz PolskiPKO BP EkstraklasaLech Poznań
95%
1992/93🥇- Mistrz PolskiPKO BP EkstraklasaLech Poznań
95%
2009/10🥇- Mistrz PolskiPKO BP EkstraklasaLech Poznań
95%
🥈- WicemistrzPKO BP EkstraklasaLech Poznań
95%
🥈- WicemistrzPKO BP EkstraklasaLech Poznań
95%
🥉- III MiejscePKO BP EkstraklasaLech Poznań
95%
🥉- III MiejscePKO BP EkstraklasaLech Poznań
95%
🥉- III MiejscePKO BP EkstraklasaLech Poznań
95%
🥉- III MiejscePKO BP EkstraklasaLegia Warszawa
95%
2017/18🥇- Mistrz PolskiPKO BP EkstraklasaLegia Warszawa
95%
🥈- WicemistrzPKO BP EkstraklasaLegia Warszawa
95%
🥉- III MiejscePKO BP EkstraklasaLegia Warszawa
95%
🥉- III MiejscePKO BP EkstraklasaLegia Warszawa
95%
🥈- WicemistrzPKO BP EkstraklasaLegia Warszawa
95%
🥉- III MiejscePKO BP EkstraklasaLegia Warszawa
95%
🥉 - III MiejscePKO BP EkstraklasaLegia Warszawa
95%
2016/17🥇- Mistrz PolskiPKO BP EkstraklasaLegia Warszawa
95%
2019/20🥇- Mistrz PolskiPKO BP EkstraklasaLegia Warszawa
95%
🥉- III MiejscePKO BP EkstraklasaLegia Warszawa
95%
2012/13🥇- Mistrz PolskiPKO BP EkstraklasaLegia Warszawa
95%
2015/16🥇- Mistrz PolskiPKO BP EkstraklasaLegia Warszawa
95%
🥉- III MiejscePKO BP EkstraklasaLegia Warszawa
95%
🥉- III MiejscePKO BP EkstraklasaLegia Warszawa
95%
🥈- WicemistrzPKO BP EkstraklasaLegia Warszawa
95%
2013/14🥇- Mistrz PolskiPKO BP EkstraklasaLegia Warszawa
95%
🥈- WicemistrzPKO BP EkstraklasaLegia Warszawa
95%
1969/70🥇- Mistrz PolskiPKO BP EkstraklasaLegia Warszawa
95%
1968/69🥇- Mistrz PolskiPKO BP EkstraklasaLegia Warszawa
95%
🥉- III MiejscePKO BP EkstraklasaLegia Warszawa
95%
🥈- WicemistrzPKO BP EkstraklasaLegia Warszawa
95%
🥉- III MiejscePKO BP EkstraklasaLegia Warszawa
95%
🥈- WicemistrzPKO BP EkstraklasaLegia Warszawa
95%
1994/95🥇- Mistrz PolskiPKO BP EkstraklasaLegia Warszawa
95%
1993/94🥇- Mistrz PolskiPKO BP EkstraklasaLegia Warszawa
95%
1955🥇- Mistrz PolskiPKO BP EkstraklasaLegia Warszawa
95%
🥈- WicemistrzPKO BP EkstraklasaLegia Warszawa
95%
🥈- WicemistrzPKO BP EkstraklasaLegia Warszawa
95%
🥈- WicemistrzPKO BP EkstraklasaLegia Warszawa
95%
1956🥇- Mistrz PolskiPKO BP EkstraklasaLegia Warszawa
95%
2005/06🥇- Mistrz PolskiPKO BP EkstraklasaLegia Warszawa
95%
🥈- WicemistrzPKO BP EkstraklasaLegia Warszawa
95%
🥉- III MiejscePKO BP EkstraklasaLegia Warszawa
95%
🥉- III MiejscePKO BP EkstraklasaLegia Warszawa
95%
🥉- III MiejscePKO BP EkstraklasaLegia Warszawa
95%
🥉- III MiejscePKO BP EkstraklasaLegia Warszawa
95%
🥈- WicemistrzPKO BP EkstraklasaLegia Warszawa
95%
🥈- WicemistrzPKO BP EkstraklasaLegia Warszawa
95%
🥈- WicemistrzPKO BP EkstraklasaLegia Warszawa
95%
2020/21🥇- Mistrz PolskiPKO BP EkstraklasaLegia Warszawa
95%
🥈- WicemistrzPKO BP EkstraklasaLegia Warszawa
95%
2001/02🥇- Mistrz PolskiPKO BP EkstraklasaLegia Warszawa
95%
🥈- WicemistrzPKO BP EkstraklasaŚląsk Wrocław
93%
🥉- III MiejscePKO BP EkstraklasaŚląsk Wrocław
93%
1976/77🥇- Mistrz PolskiPKO BP EkstraklasaŚląsk Wrocław
93%
🥈- WicemistrzPKO BP EkstraklasaŚląsk Wrocław
93%
🥈- WicemistrzPKO BP EkstraklasaŚląsk Wrocław
93%
🥉- III MiejscePKO BP EkstraklasaŚląsk Wrocław
93%
2011/12🥇- Mistrz PolskiPKO BP EkstraklasaŚląsk Wrocław
93%
1930🥇- Mistrz PolskiPKO BP EkstraklasaCracovia
91%
🥉- III MiejscePKO BP EkstraklasaCracovia
91%
🥈- WicemistrzPKO BP EkstraklasaCracovia
91%
1948🥇- Mistrz PolskiPKO BP EkstraklasaCracovia
91%
1937🥇- Mistrz PolskiPKO BP EkstraklasaCracovia
91%
1932🥇- Mistrz PolskiPKO BP EkstraklasaCracovia
91%
🥈- WicemistrzPKO BP EkstraklasaCracovia
91%
1999/2000🥇- Mistrz PolskiFortuna I LigaPolonia Warszawa
91%
🥈- WicemistrzFortuna I LigaPolonia Warszawa
91%
🥉- III MiejscePKO BP EkstraklasaGórnik Zabrze
88%
🥉- III MiejscePKO BP EkstraklasaGórnik Zabrze
88%
🥈- WicemistrzPKO BP EkstraklasaGórnik Zabrze
88%
🥈- WicemistrzPKO BP EkstraklasaGórnik Zabrze
88%
1957🥇- Mistrz PolskiPKO BP EkstraklasaGórnik Zabrze
88%
1961🥇- Mistrz PolskiPKO BP EkstraklasaGórnik Zabrze
88%
1959🥇- Mistrz PolskiPKO BP EkstraklasaGórnik Zabrze
88%
🥉- III MiejscePKO BP EkstraklasaGórnik Zabrze
88%
1987/88🥇- Mistrz PolskiPKO BP EkstraklasaGórnik Zabrze
88%
1984/85🥇- Mistrz PolskiPKO BP EkstraklasaGórnik Zabrze
88%
1986/87🥇- Mistrz PolskiPKO BP EkstraklasaGórnik Zabrze
88%
1985/86🥇- Mistrz PolskiPKO BP EkstraklasaGórnik Zabrze
88%
🥉- III MiejscePKO BP EkstraklasaGórnik Zabrze
88%
🥉- III MiejscePKO BP EkstraklasaGórnik Zabrze
88%
🥈- WicemistrzPKO BP EkstraklasaGórnik Zabrze
88%
1962/63🥇- Mistrz PolskiPKO BP EkstraklasaGórnik Zabrze
88%
🥉- III MiejscePKO BP EkstraklasaGórnik Zabrze
88%
1963/64🥇- Mistrz PolskiPKO BP EkstraklasaGórnik Zabrze
88%
1970/71🥇- Mistrz PolskiPKO BP EkstraklasaGórnik Zabrze
88%
1971/72🥇- Mistrz PolskiPKO BP EkstraklasaGórnik Zabrze
88%
1966/67🥇- Mistrz PolskiPKO BP EkstraklasaGórnik Zabrze
88%
🥉- III MiejscePKO BP EkstraklasaGórnik Zabrze
88%
1964/65🥇- Mistrz PolskiPKO BP EkstraklasaGórnik Zabrze
88%
🥈- WicemistrzPKO BP EkstraklasaGórnik Zabrze
88%
1965/66🥇- Mistrz PolskiPKO BP EkstraklasaGórnik Zabrze
88%
2022/23🥇- Mistrz PolskiPKO BP EkstraklasaRaków Częstochowa
88%
🥈- WicemistrzPKO BP EkstraklasaRaków Częstochowa
88%
🥈- WicemistrzPKO BP EkstraklasaRaków Częstochowa
88%
1953🥇- Mistrz PolskiPKO BP EkstraklasaRuch Chorzów
86%
1952🥇- Mistrz PolskiPKO BP EkstraklasaRuch Chorzów
86%
1988/89🥇- Mistrz PolskiPKO BP EkstraklasaRuch Chorzów
86%
1938🥇- Mistrz PolskiPKO BP EkstraklasaRuch Chorzów
86%
1935🥇- Mistrz PolskiPKO BP EkstraklasaRuch Chorzów
86%
1933🥇- Mistrz PolskiPKO BP EkstraklasaRuch Chorzów
86%
🥈- WicemistrzPKO BP EkstraklasaRuch Chorzów
86%
1934🥇- Mistrz PolskiPKO BP EkstraklasaRuch Chorzów
86%
🥉- III MiejscePKO BP EkstraklasaRuch Chorzów
86%
🥉- III MiejscePKO BP EkstraklasaRuch Chorzów
86%
🥉- III MiejscePKO BP EkstraklasaRuch Chorzów
86%
1936🥇- Mistrz PolskiPKO BP EkstraklasaRuch Chorzów
86%
🥉- III MiejscePKO BP EkstraklasaRuch Chorzów
86%
🥉- III MiejscePKO BP EkstraklasaRuch Chorzów
86%
🥈- WicemistrzPKO BP EkstraklasaRuch Chorzów
86%
1973/74🥇- Mistrz PolskiPKO BP EkstraklasaRuch Chorzów
86%
🥈- WicemistrzPKO BP EkstraklasaRuch Chorzów
86%
🥈- WicemistrzPKO BP EkstraklasaRuch Chorzów
86%
🥈- WicemistrzPKO BP EkstraklasaRuch Chorzów
86%
1978/79🥇- Mistrz PolskiPKO BP EkstraklasaRuch Chorzów
86%
1974/75🥇- Mistrz PolskiPKO BP EkstraklasaRuch Chorzów
86%
🥉- III MiejscePKO BP EkstraklasaRuch Chorzów
86%
1951🥇- Mistrz PolskiPKO BP EkstraklasaRuch Chorzów
86%
1960🥇- Mistrz PolskiPKO BP EkstraklasaRuch Chorzów
86%
1967/68🥇- Mistrz PolskiPKO BP EkstraklasaRuch Chorzów
86%
🥉- III MiejscePKO BP EkstraklasaRuch Chorzów
86%
🥈- WicemistrzPKO BP EkstraklasaRuch Chorzów
86%
🥉- III MiejscePKO BP EkstraklasaRuch Chorzów
86%
🥉- III MiejsceFortuna I LigaLechia Gdańsk
84%
🥉- III MiejsceFortuna I LigaLechia Gdańsk
84%
1997/98🥇- Mistrz PolskiPKO BP EkstraklasaŁKS Łódź
81%
1958🥇- Mistrz PolskiPKO BP EkstraklasaŁKS Łódź
81%
🥉- III MiejscePKO BP EkstraklasaŁKS Łódź
81%
🥉- III MiejscePKO BP EkstraklasaŁKS Łódź
81%
🥈- WicemistrzPKO BP EkstraklasaŁKS Łódź
81%
🥉- III MiejscePKO BP EkstraklasaPiast Gliwice
79%
2018/19🥇- Mistrz PolskiPKO BP EkstraklasaPiast Gliwice
79%
🥈- WicemistrzPKO BP EkstraklasaPiast Gliwice
79%
🥈- WicemistrzPKO BP EkstraklasaPogoń Szczecin
79%
🥉- III MiejscePKO BP EkstraklasaPogoń Szczecin
79%
🥉- III MiejscePKO BP EkstraklasaPogoń Szczecin
79%
🥈- WicemistrzPKO BP EkstraklasaPogoń Szczecin
79%
🥉- III MiejscePKO BP EkstraklasaPogoń Szczecin
79%
🥈- WicemistrzPKO BP EkstraklasaWidzew Łodź
79%
1980/81🥇- Mistrz PolskiPKO BP EkstraklasaWidzew Łódź
79%
🥉- III MiejscePKO BP EkstraklasaWidzew Łodź
79%
🥈- WicemistrzPKO BP EkstraklasaWidzew Łodź
79%
🥈- WicemistrzPKO BP EkstraklasaWidzew Łódź
79%
1981/82🥇- Mistrz PolskiPKO BP EkstraklasaWidzew Łódź
79%
🥈- WicemistrzPKO BP EkstraklasaWidzew Łódź
79%
🥈- WicemistrzPKO BP EkstraklasaWidzew Łódź
79%
🥈- WicemistrzPKO BP EkstraklasaWidzew Łódź
79%
🥈- WicemistrzPKO BP EkstraklasaWidzew Łódź
79%
1996/97🥇- Mistrz PolskiPKO BP EkstraklasaWidzew Łódź
79%
🥉- III MiejscePKO BP EkstraklasaWidzew Łódź
79%
🥉- III MiejscePKO BP EkstraklasaWidzew Łodź
79%
1995/96🥇- Mistrz PolskiPKO BP EkstraklasaWidzew Łódź
79%
🥉- III MiejsceFortuna I LigaGKS Katowice
77%
🥉- III MiejsceFortuna I LigaGKS Katowice
77%
🥈- WicemistrzFortuna I LigaGKS Katowice
77%
🥈- WicemistrzFortuna I LigaGKS Katowice
77%
🥉- III MiejsceFortuna I LigaGKS Katowice
77%
🥉- III MiejsceFortuna I LigaGKS Katowice
77%
🥈- WicemistrzFortuna I LigaGKS Katowice
77%
🥈- WicemistrzFortuna I LigaGKS Katowice
77%
🥉- III MiejscePKO BP EkstraklasaRuch Chorzów
77%
🥈- WicemistrzPKO BP EkstraklasaZagłębie Lubin
77%
1990/91🥇- Mistrz PolskiPKO BP EkstraklasaZagłębie Lubin
77%
🥉- III MiejscePKO BP EkstraklasaZagłębie Lubin
77%
2006/07🥇- Mistrz PolskiPKO BP EkstraklasaZagłębie Lubin
77%
🥉- III MiejscePKO BP EkstraklasaZagłębie Lubin
77%
🥈- WicemistrzPKO BP EkstraklasaJagiellonia Białystok
72%
🥉- III MiejscePKO BP EkstraklasaJagiellonia Białystok
72%
🥈- WicemistrzPKO BP EkstraklasaJagiellonia Białystok
72%
🥉- III MiejscePKO BP EkstraklasaWarta Poznań
72%
🥈- WicemistrzPKO BP EkstraklasaWarta Poznań
72%
1929🥇- Mistrz PolskiPKO BP EkstraklasaWarta Poznań
72%
🥉- III MiejscePKO BP EkstraklasaWarta Poznań
72%
🥉- III MiejscePKO BP EkstraklasaWarta Poznań
72%
🥈 - WicemistrzPKO BP EkstraklasaWarta Poznań
72%
🥉 - III MiejscePKO BP EkstraklasaWarta Poznań
72%
1962🥇- Mistrz PolskiII LigaPolonia Bytom
70%
🥈- WicemistrzII LigaPolonia Bytom
70%
🥈- WicemistrzII LigaPolonia Bytom
70%
🥈- WicemistrzII LigaPolonia Bytom
70%
1954🥇- Mistrz PolskiII LigaPolonia Bytom
70%
🥈- WicemistrzII LigaPolonia Bytom
70%
🥉- III MiejsceII LigaPolonia Bytom
70%
🥉- III MiejsceII LigaPolonia Bytom
70%
1972/73🥇- Mistrz PolskiPKO BP EkstraklasaStal Mielec
70%
🥉- III MiejscePKO BP EkstraklasaStal Mielec
70%
🥈- WicemistrzPKO BP EkstraklasaStal Mielec
70%
1975/76🥇- Mistrz PolskiPKO BP EkstraklasaStal Mielec
70%
🥉- III MiejscePKO BP EkstraklasaStal Mielec
70%
🥉- III MiejscePKO BP EkstraklasaStal Mielec
70%
🥈- Wicemistrznie gra w PolscePogoń Lwów
67%
🥈- Wicemistrznie gra w PolscePogoń Lwów
67%
🥈- Wicemistrznie gra w PolscePogoń Lwów
67%
🥉- III Miejscerozwiązany w 2007 roku (sekcja piłkarska)Amica Wronki
65%
🥉- III Miejscerozwiązany w 2007 roku (sekcja piłkarska)Amica Wronki
65%
🥉- III MiejsceFortuna I LigaOdra Opole
60%
🥈- WicemistrzFortuna I LigaZagłębie Sosnowiec
58%
🥉- III MiejsceFortuna I LigaZagłębie Sosnowiec
58%
🥉- III MiejsceFortuna I LigaZagłębie Sosnowiec
58%
🥈- WicemistrzFortuna I LigaZagłębie Sosnowiec
58%
🥈- WicemistrzFortuna I LigaZagłębie Sosnowiec
58%
🥉- III MiejsceFortuna I LigaZagłębie Sosnowiec
58%
🥈- WicemistrzFortuna I LigaZagłębie Sosnowiec
58%
🥈- WicemistrzFortuna I LigaGKS Tychy
53%
🥈- WicemistrzIV Liga, grupa: śląska ISzombierki Bytom
51%
1979/80🥇- Mistrz PolskiIV Liga, grupa: śląska ISzombierki Bytom
51%
🥉- III MiejsceIV Liga, grupa: śląska ISzombierki Bytom
51%
🥈- WicemistrzIII Liga, grupa IGKS Bełchatów
49%
🥈- WicemistrzRed Box V Liga, grupa: wielkopolska IDyskobolia Grodzisk Wielkopolski
44%
🥈- WicemistrzRed Box V Liga, grupa: wielkopolska IDyskobolia Grodzisk Wielkopolski
44%
🥉- III MiejsceRed Box V Liga, grupa: wielkopolska IDyskobolia Grodzisk Wielkopolski
44%
1931🥇- Mistrz PolskiIII Liga, grupa IVGarbarnia Kraków
44%
🥈- WicemistrzIII Liga, grupa IVGarbarnia Kraków
44%
🥉- III MiejsceII LigaHutnik Kraków
44%
🥈- Wicemistrzrozwiązany w 2018 rokuGwardia Warszawa
28%
🥉- III Miejscerozwiązany w 2018 rokuGwardia Warszawa
28%
🥉- III Miejscerozwiązany w 2018 rokuGwardia Warszawa
28%
🥉- III MiejsceIV Liga, grupa: śląska IIOdra Wodzisław Śląski
23%
🥈 - WicemistrzKlasa B, grupa: Katowice1. FC Katowice
19%
🥈- WicemistrzKlasa A, grupa: KatowiceAKS Chorzów
12%
🥈- WicemistrzKlasa B, grupa: Kraków IIWawel Kraków
12%
🥉- III MiejsceKlasa A, grupa: Wałbrzych IZagłębie Wałbrzych
12%
🥈- WicemistrzKlasa okręgowa, grupa: śląska III; Fortuna I LigaGórnik Radlin, Wisła Kraków
2%

Rozkład punktacji

Percentyl według liczby udzielonych odpowiedzi

Procent ludzi z każdym wynikiem

Twoja historia wyników

Nie rozwiązałeś tego quizu